Inquiry into British Housing 1984-1991 - Chaired by HRH The Duke of Edinburgh (Record no. 104819)
[ view plain ]
| 000 -LEADER | |
|---|---|
| fixed length control field | 01374cam a2200205 4500 |
| 001 - CONTROL NUMBER | |
| control field | ##L131740 |
| 008 - FIXED-LENGTH DATA ELEMENTS--GENERAL INFORMATION | |
| fixed length control field | 110922n2005 000 0 eng u |
| 035 ## - SYSTEM CONTROL NUMBER | |
| System control number | (Sirsi) u131740 |
| 041 0# - LANGUAGE CODE | |
| Language code of text/sound track or separate title | eng |
| 050 04 - LIBRARY OF CONGRESS CALL NUMBER | |
| Classification number | 306.1 $2 18 |
| 100 1# - MAIN ENTRY--PERSONAL NAME | |
| Personal name | Best, Richard |
| 245 00 - TITLE STATEMENT | |
| Title | Inquiry into British Housing 1984-1991 - Chaired by HRH The Duke of Edinburgh |
| Remainder of title | what has happened since? |
| 260 ## - PUBLICATION, DISTRIBUTION, ETC. | |
| Place of publication, distribution, etc. | London |
| Name of publisher, distributor, etc. | Joseph Rowntree Foundation |
| Date of publication, distribution, etc. | 2005 |
| 520 ## - SUMMARY, ETC. | |
| Summary, etc. | Provides an update on the progress made towards implementing the recommendations of the inquiry into British housing mounted in 1984. The inquiry's brief was to consider the inadequacies in the availability and condition of housing in Britain and to make recommendations to remedy the deficiencies identified. Reviews steps taken and what needs to be done further in respect of: the phased withdrawal of mortgage interest tax relief; the conversion of housing subsidies into a needs-related housing allowances; the introduction of a nationwide rent-setting system, and the provision of sufficient affordable homes for those unable to buy. |
| 590 ## - LOCAL NOTE (RLIN) | |
| Local note | IKA061205 |
| 650 ## - SUBJECT ADDED ENTRY--TOPICAL TERM | |
| Topical term or geographic name entry element | Affordable housing |
| 9 (RLIN) | 6215 |
| 690 ## - LOCAL SUBJECT ADDED ENTRY--TOPICAL TERM (OCLC, RLIN) | |
| Topical term or geographic name as entry element | PROPERTY-RESIDENTIAL PROPERTY-RESIDENTIAL PROPERTY MARKET |
| 856 40 - ELECTRONIC LOCATION AND ACCESS | |
| Uniform Resource Identifier | <a href="https://www.jrf.org.uk/sites/files/jrf/inquiry-british-housing.pdf">https://www.jrf.org.uk/sites/files/jrf/inquiry-british-housing.pdf</a> |
| Public note | View the inquiry update free of charge at www.jrf.org.uk |
| 942 ## - ADDED ENTRY ELEMENTS (KOHA) | |
| Suppress in OPAC | 0 |
| Withdrawn status | Lost status | Source of classification or shelving scheme | Damaged status | Not for loan | Home library | Current library | Shelving location | Date acquired | Total Checkouts | Full call number | Barcode | Date last seen | Copy number | Price effective from | Koha item type |
|---|---|---|---|---|---|---|---|---|---|---|---|---|---|---|---|
| Dewey Decimal Classification | Virtual | Virtual | Online | 05/12/2005 | ONLINE PUBLICATION | 131740-2001 | 06/08/2019 | 1 | 06/08/2019 | Book |